Institutional management of an international mixed good socially optimal whale harvests, the moratorium and the role of the international whaling commission
Salvato in:
| Autore principale: | |
|---|---|
| Altri autori: | |
| Natura: | Libro |
| Lingua: | inglese |
| Pubblicazione: |
Brisbane
The University of Queensland
1992
|
| Serie: | Discussion Paper
No. 112 |
| Soggetti: | |
| Tags: |
Nessun Tag, puoi essere il primo ad aggiungerne!!
|
MARC
| LEADER | 00000nam a2200000 4500 | ||
|---|---|---|---|
| 001 | c100373 | ||
| 005 | 20221123102218.4 | ||
| 022 | |a 1033-4661 | ||
| 041 | 0 | |a eng | |
| 044 | |a AU | ||
| 245 | 1 | 0 | |a Institutional management of an international mixed good |b socially optimal whale harvests, the moratorium and the role of the international whaling commission |c Y. Kuronuma and C.A. Tisdell |
| 264 | 1 | |a Brisbane |b The University of Queensland |c 1992 | |
| 300 | |a 30 s. | ||
| 490 | 1 | |a Discussion Paper |v No. 112 | |
| 830 | 0 | |a Discussion Paper |v No. 112 | |
| 610 | 2 | 0 | |a zdroje prírodné |
| 610 | 2 | 0 | |a rybolov |
| 610 | 2 | 0 | |a riadenie regionálne |
| 610 | 2 | 0 | |a manažment |
| 610 | 2 | 0 | |a organizácie ekonomické medzinárodné |
| 610 | 2 | 0 | |a statky prírodné |
| 610 | 2 | 0 | |a more |
| 100 | 1 | |a Kuronuma, Y. | |
| 700 | 1 | |a Tisdell, C.A. | |